<?xml version="1.0" encoding="UTF-8"?>
<collection xmlns="http://www.loc.gov/MARC21/slim">
 <record>
  <leader>02072nam a2200193Ia 4500</leader>
  <controlfield tag="001">CTU_18916</controlfield>
  <controlfield tag="008">210402s9999    xx            000 0 und d</controlfield>
  <datafield tag="082" ind1=" " ind2=" ">
   <subfield code="a">629.83</subfield>
  </datafield>
  <datafield tag="082" ind1=" " ind2=" ">
   <subfield code="b">P558</subfield>
  </datafield>
  <datafield tag="100" ind1=" " ind2=" ">
   <subfield code="a">Phillips, Charles L</subfield>
  </datafield>
  <datafield tag="245" ind1=" " ind2="0">
   <subfield code="a">Feedback control systems</subfield>
  </datafield>
  <datafield tag="245" ind1=" " ind2="0">
   <subfield code="c">Charles L Phillips, Royce D Harbor</subfield>
  </datafield>
  <datafield tag="260" ind1=" " ind2=" ">
   <subfield code="a">Englewood Cliffs, New Jersey</subfield>
  </datafield>
  <datafield tag="260" ind1=" " ind2=" ">
   <subfield code="b">Prentice-Hall</subfield>
  </datafield>
  <datafield tag="260" ind1=" " ind2=" ">
   <subfield code="c">1996</subfield>
  </datafield>
  <datafield tag="520" ind1=" " ind2=" ">
   <subfield code="a">The material of this book is organized into three principal areas: analog control systems, digital control systems, and nonlinear analog control systems. Chapter 1 in this book presents a brief introduction and an outline of the text. Chapter 2 develops the transfer function model of linear analog systems, and chapter 32 develops the stae-variable model. Chapter 4 covers typical responses of linear analog systems, including the concept of frequancy responseImportant control-system characteristics are developed in chapter 5. Some of the applications of closed-loop systems are evident from these characteristics. The very important concept of system stability is developed in chapter 6 along with the Routh-Hurwitz stability criterion. Chapter 7 presents analysis and design by root locus procedures, which are basically time-response procedures. The equally important frequency-response analysis and design procedures are presented in chapter 8 and 9. Chapter 10 is devoted to modern control-system design. Chapter 11 through 13 applies to digital control systems. Nonlinear system analysis is presenbted in chapter 14. These methods include the describing-function analysis, linearization, and the state-plane analysis. Four appendices are included. The first appendix reviews matrices, the second appendix develops an analytical design procedure that applies to both root-locus design and Bode design. The third appendix reviews the Laplace transform, and the fourth apeendix is a table of Laplace transforms and z-transforms</subfield>
  </datafield>
  <datafield tag="650" ind1=" " ind2=" ">
   <subfield code="a">feedback control systems</subfield>
  </datafield>
  <datafield tag="904" ind1=" " ind2=" ">
   <subfield code="i">Minh, 971001</subfield>
  </datafield>
  <datafield tag="980" ind1=" " ind2=" ">
   <subfield code="a">Trung tâm Học liệu Trường Đại học Cần Thơ</subfield>
  </datafield>
 </record>
</collection>
